000 00614nam a2200169Ia 4500
008 220216s9999 xx 000 0 und d
100 _aRekha K
245 0 _aHalf ovulo embryo culture - An ideal method for raising true-to-type seedlings in Hevea brasiliensis
260 _bIRC 2012. International Rubber Conference, 28-31 October 2012, Kovalam, India, Rubber Research Institute of India, Kottayam and IRRDB, Malaysia: Abstracts. pp.89-90.
700 _aJayashree R
700 _aLincy V
700 _aSaha
_T
700 _aSobha S
700 _aSushamakumari S
700 _aThulaseedharan A
942 _cJS
999 _c60213
_d60213